| 000 | 00809cam a2200253 a 4500 | ||
|---|---|---|---|
| 001 | 1053480 | ||
| 005 | 20180126091028.0 | ||
| 008 | 900205s1991 nyu b s001 0 eng | ||
| 010 | _a 90032135 | ||
| 020 | _a079140403X (alk. paper) | ||
| 020 | _a0791404048 (pbk. : alk. paper) | ||
| 040 |
_aDLC _cDLC _dDLC |
||
| 041 | _aeng | ||
| 043 | _an-us-ny | ||
| 080 | _a373.12 | ||
| 082 | 0 | 0 |
_a373.12 FIN _220 |
| 100 | 1 | _a46 | |
| 101 | _aEDU | ||
| 245 | 1 | 0 |
_aFraming dropouts : _cMichelle Fine. |
| 504 | _aIncludes bibliographical references (p. [269]-292). | ||
| 906 |
_a7 _bcbc _corignew _d1 _eocip _f19 _gy-gencatlg |
||
| 942 |
_2ddc _cBK |
||
| 999 |
_c41039 _d41039 |
||